000 00301nam a22001337a 4500
008 170913b xxu||||| |||| 00| 0 eng d
020 _a9780471575788
041 _aeng
080 _24 ED
_a53
100 _a43
101 _aFIZ
245 _aFUNDAMENTALS OF PHYSICS
_cHALLIDAY.D
942 _2udc
_cBK
999 _c27426
_d27426